Student wastage and stagnation in technical institute in Punjab (Record no. 494517)

000 -LEADER
fixed length control field 00397cam a22001097a 4500
008 - FIXED-LENGTH DATA ELEMENTS--GENERAL INFORMATION
fixed length control field 180718b1973 xxu||||| |||| 00| 0 eng d
082 ## - DEWEY DECIMAL CLASSIFICATION NUMBER
Classification number P2x5433 P969
245 ## - TITLE STATEMENT
Title Student wastage and stagnation in technical institute in Punjab
Statement of responsibility, etc. by Economic and Statistical Organisation
260 ## - PUBLICATION, DISTRIBUTION, ETC.
Place of publication, distribution, etc. Chandigarh
Name of publisher, distributor, etc. The Government Press
Date of publication, distribution, etc. 1973
300 ## - PHYSICAL DESCRIPTION
Extent 28p.
700 ## - ADDED ENTRY--PERSONAL NAME
Personal name India. Economic and Statistical Organisation
Holdings
Withdrawn status Lost status Damaged status Not for loan Permanent Location Current Location Date acquired Full call number Barcode Date last seen Price effective from Koha item type
        Indian Institute of Public Administration Indian Institute of Public Administration 2018-08-04 P2x5433 P969 GG13972 2018-08-04 2018-08-04 GG

Powered by Koha